| 000 | 00384nam a2200145Ia 4500 | ||
|---|---|---|---|
| 008 | 230312s9999||||xx |||||||||||||| ||und|| | ||
| 020 | _a0-521-11117-1 | ||
| 082 |
_a621.84 _bSTA-D |
||
| 100 | _aStabell;Bjorn | ||
| 245 | 0 | _aDuplicity Theory of Vision:From Newton to the Present | |
| 260 |
_bCambridge _aIndia _c2009 |
||
| 300 | _a223 | ||
| 650 |
_aEngineering _vAvionics |
||
| 942 | _cBK | ||
| 999 |
_c10255 _d10255 |
||